<?xml version="1.0" encoding="UTF-8"?>
<record
    xmlns:xsi="http://www.w3.org/2001/XMLSchema-instance"
    xsi:schemaLocation="http://www.loc.gov/MARC21/slim http://www.loc.gov/standards/marcxml/schema/MARC21slim.xsd"
    xmlns="http://www.loc.gov/MARC21/slim">

  <leader>03381nam a2200313   4500</leader>
  <controlfield tag="001">238</controlfield>
  <controlfield tag="003">OSt</controlfield>
  <controlfield tag="005">20250528074015.0</controlfield>
  <controlfield tag="008">250205b        |||||||e |||| 00| 1 eng d</controlfield>
  <datafield tag="040" ind1=" " ind2=" ">
    <subfield code="b">por</subfield>
  </datafield>
  <datafield tag="041" ind1=" " ind2=" ">
    <subfield code="h">fre</subfield>
    <subfield code="a">por</subfield>
  </datafield>
  <datafield tag="082" ind1=" " ind2=" ">
    <subfield code="a">843</subfield>
    <subfield code="b">F587m</subfield>
  </datafield>
  <datafield tag="100" ind1="1" ind2=" ">
    <subfield code="a">Flaubert, Gustave,</subfield>
    <subfield code="d">1821-1880</subfield>
    <subfield code="9">446</subfield>
  </datafield>
  <datafield tag="240" ind1=" " ind2=" ">
    <subfield code="a">Madame Bovary</subfield>
  </datafield>
  <datafield tag="245" ind1=" " ind2=" ">
    <subfield code="a">Madame Bovary /</subfield>
    <subfield code="c">Flaubert, Gustave ; Tradu&#xE7;&#xE3;o de Ara&#xFA;jo Nabuco</subfield>
  </datafield>
  <datafield tag="260" ind1=" " ind2=" ">
    <subfield code="a">S&#xE3;o Paulo</subfield>
    <subfield code="b">Abril</subfield>
    <subfield code="c">1981</subfield>
  </datafield>
  <datafield tag="300" ind1=" " ind2=" ">
    <subfield code="a">259 p.</subfield>
  </datafield>
  <datafield tag="520" ind1=" " ind2=" ">
    <subfield code="a">Madame Bovary &#xE9; um romance escrito por Gustave Flaubert que resultou num esc&#xE2;ndalo ao ser publicado em 1857. Quando o livro foi lan&#xE7;ado, houve na Fran&#xE7;a um grande interesse pelo romance, pois levou seu autor a julgamento.



Ele foi levado aos tribunais(Onde utilizou a famosa frase "Emma Bovary c'est moi" (Emma Bovary sou eu) para se defender das acusa&#xE7;&#xF5;es) acusado de ofensa &#xE0; moral e &#xE0; religi&#xE3;o, num processo contra o autor e tamb&#xE9;m contra Laurent Pichat, diretor da revista Revue de Paris, em que a hist&#xF3;ria foi publicada pela primeira vez, em epis&#xF3;dios e com alguns pequenos cortes. A Sexta Corte Correcional do Tribunal do Sena absolveu Flaubert, mas o mesmo procedimento n&#xE3;o foi adotado pelos cr&#xED;ticos puritanos da &#xE9;poca, que n&#xE3;o perdoaram o autor pelo tratamento cru que ele tinha dado, no romance, ao tema do adult&#xE9;rio, pela cr&#xED;tica ao clero e &#xE0; burguesia: (Gostava do mar apenas pelas suas tempestades e da verdura s&#xF3; quando a encontrava espalhada entre ru&#xED;nas. Tinha necessidade de tirar de tudo uma esp&#xE9;cie de benef&#xED;cio pessoal e rejeitava como in&#xFA;til o que quer que n&#xE3;o contribu&#xED;sse para a satisfa&#xE7;&#xE3;o imediata de um desejo do seu cora&#xE7;&#xE3;o - tendo um temperamento mais sentimental do que art&#xED;stico e interessando-se mais por emo&#xE7;&#xF5;es do que por paisagens.



&#xC9; considerada por alguns autores como a primeira obra da literatura realista.



Gustave Flaubert (1821-1880), o criador deste que &#xE9; por muitos considerado o &#xE1;pice da narrativa longa do s&#xE9;culo XIX - o chamado s&#xE9;culo de ouro do romance. Flaubert, o esteta, aquele que buscava o mot juste (a palavra exata) e burilava os seus textos por anos a fio, imbuiu-se da consci&#xEA;ncia e da sensibilidade da sua personagem. Atingiu, com a irretoc&#xE1;vel prosa de Madame Bovary, um dos mais altos graus de penetra&#xE7;&#xE3;o e an&#xE1;lise psicol&#xF3;gica da literatura universal.



Madame Bovary &#xE9; uma obra capital na literatura do seu tempo, um daqueles livros que d&#xE3;o in&#xED;cio a uma &#xE9;poca liter&#xE1;ria. Tomando propositadamente um tema sem grandeza aparente, Flaubert quis obrigar o seu talento a enfrentar dificuldades t&#xE9;cnicas que o levassem a vencer o romantismo exacerbado que o dominava. O resultado foi a obra-prima que o leitor tem em m&#xE3;os e que &#xC9;mile Zola descreveu da seguinte maneira: &#xAB;Quando Madame Bovary apareceu, foi uma completa revolu&#xE7;&#xE3;o liter&#xE1;ria. Teve-se a impress&#xE3;o de que a f&#xF3;rmula do romance moderno, esparsa pela obra colossal de Balzac, fora reduzida e claramente enunciada nas quatrocentas p&#xE1;ginas de um &#xFA;nico livro. Estava escrito o c&#xF3;digo da nova arte&#xBB;.</subfield>
  </datafield>
  <datafield tag="650" ind1=" " ind2="0">
    <subfield code="a">Literatura francesa</subfield>
    <subfield code="9">122</subfield>
  </datafield>
  <datafield tag="650" ind1=" " ind2="0">
    <subfield code="a">Hist&#xF3;rico</subfield>
    <subfield code="9">53</subfield>
  </datafield>
  <datafield tag="650" ind1=" " ind2="0">
    <subfield code="a">Pol&#xEA;mica</subfield>
    <subfield code="9">117</subfield>
  </datafield>
  <datafield tag="650" ind1=" " ind2="0">
    <subfield code="a">Amor e Paix&#xE3;o</subfield>
    <subfield code="9">25</subfield>
  </datafield>
  <datafield tag="650" ind1=" " ind2="0">
    <subfield code="a">Cl&#xE1;ssicos</subfield>
    <subfield code="9">77</subfield>
  </datafield>
  <datafield tag="650" ind1=" " ind2="0">
    <subfield code="a">Filme</subfield>
    <subfield code="9">26</subfield>
  </datafield>
  <datafield tag="655" ind1=" " ind2="0">
    <subfield code="a">Romance</subfield>
    <subfield code="9">23</subfield>
  </datafield>
  <datafield tag="655" ind1=" " ind2="0">
    <subfield code="a">Fic&#xE7;&#xE3;o </subfield>
    <subfield code="9">22</subfield>
  </datafield>
  <datafield tag="700" ind1=" " ind2=" ">
    <subfield code="a">Ara&#xFA;jo Nabuco</subfield>
    <subfield code="e">Tradutor</subfield>
    <subfield code="9">447</subfield>
  </datafield>
  <datafield tag="942" ind1=" " ind2=" ">
    <subfield code="2">ddc</subfield>
    <subfield code="n">0</subfield>
    <subfield code="c">BK</subfield>
  </datafield>
  <datafield tag="952" ind1=" " ind2=" ">
    <subfield code="0">0</subfield>
    <subfield code="1">0</subfield>
    <subfield code="2">ddc</subfield>
    <subfield code="4">0</subfield>
    <subfield code="7">0</subfield>
    <subfield code="8">FIC</subfield>
    <subfield code="a">BIBIB</subfield>
    <subfield code="b">BIBIB</subfield>
    <subfield code="c">LE</subfield>
    <subfield code="d">2017-05-13</subfield>
    <subfield code="e">doa&#xE7;&#xE3;o</subfield>
    <subfield code="l">0</subfield>
    <subfield code="o">843 / F587m</subfield>
    <subfield code="p">2025-15450</subfield>
    <subfield code="r">2025-02-05 07:48:19</subfield>
    <subfield code="t">Ex. 01</subfield>
    <subfield code="w">2025-02-05</subfield>
    <subfield code="y">BK</subfield>
  </datafield>
  <datafield tag="952" ind1=" " ind2=" ">
    <subfield code="0">0</subfield>
    <subfield code="1">0</subfield>
    <subfield code="2">ddc</subfield>
    <subfield code="4">0</subfield>
    <subfield code="7">0</subfield>
    <subfield code="8">FIC</subfield>
    <subfield code="a">BIBIB</subfield>
    <subfield code="b">BIBIB</subfield>
    <subfield code="c">LE</subfield>
    <subfield code="d">2017-05-23</subfield>
    <subfield code="e">doa&#xE7;&#xE3;o</subfield>
    <subfield code="l">0</subfield>
    <subfield code="o">843 / F587m</subfield>
    <subfield code="p">2025-15671</subfield>
    <subfield code="r">2025-02-05 07:48:19</subfield>
    <subfield code="t">Ex. 02</subfield>
    <subfield code="w">2025-02-05</subfield>
    <subfield code="y">BK</subfield>
  </datafield>
  <datafield tag="999" ind1=" " ind2=" ">
    <subfield code="c">238</subfield>
    <subfield code="d">238</subfield>
  </datafield>
</record>
